| 000 | 00497nam a2200157 i 4500 | ||
|---|---|---|---|
| 001 | 87393 | ||
| 003 | ES-MaACL | ||
| 005 | 20230906175649.0 | ||
| 007 | t| | ||
| 008 | 041221s1931 fr ||||1| fre d | ||
| 100 | 1 |
_akrzesinski, André. _968929 |
|
| 245 | 1 | 4 |
_aUne nouvelle philosophie de l'immanence _b: exposé et critique de les postulats / _cpar André Krzesinski. |
| 260 |
_aParís : _bFélix Alcan, _c1931 ( _eEvreux : _fHérissey) |
||
| 300 |
_a134 p. ; _c23 cm. |
||
| 852 |
_aES-MaACL _jA-732 |
||
| 999 |
_c87393 _d87393 |
||